000 00871nam a22002177a 4500
005 20120831140744.0
008 120831t xxu||||| |||| 00| 0 eng d
010 _aENG-105734
020 _a9788178223964
_c400.00
035 _aEN-89267
037 _bDBAD/PUB
040 _aDPL
_bEng
082 _a220.21
100 _951879
_aKaji, Dhruv S.
245 _aUnderstanding Vedanta :
_cby Dhruv S. Kaji
_ba contemporary approach: a collection of essays to introduce Vedanta /
260 _aNew Delhi
_bNew Age Books
_c2012
270 _aA-44, Naraina Industrial Area, Phase-I
_bNew Delhi
_e110028
_mnab@newagebooksindia.com
300 _a263p.
_c22cm(pbk)
942 _2ddc
_cEN
_mKAJ
_h220.21
999 _c69589
_d69589